003800000a22001450004500060000800000082001400008100002200022100002200044245004000066250000600106260004400112260000900156300000800165650006100173 a100 a158.7 GHI aBrown, Clarence W aGhiselli, Edwin E aPersonnel and industrial psychology a2 aNewyork, Mc GRaw- Hill Book Company Inc c1955 a483 aIndustrial psychology/psychological tests/aptitude tests